[Event "Barcelona Sant Marti op-B 24th"]
[Site "Barcelona"]
[Date "2024.07.14"]
[Round "2"]
[White "Pons Hernando, Francesc Xavier"]
[Black "Jimenez Puig, Juan Jose"]
[Result "0-1"]
[WhiteElo "1665"]
[BlackElo "1700"]
[PlyCount "112"]
[EventDate "2024.07.13"]
[EventType "swiss"]
[EventRounds "9"]
[EventCountry "ESP"]
[SourceTitle "EXT 2025"]
[Source "ChessBase"]
[SourceDate "2024.10.14"]
[SourceVersion "1"]
[SourceVersionDate "2024.10.14"]
[SourceQuality "1"]

1. d4 d5 2. Nf3 Nf6 3. c4 c6 4. e3 Bf5 5. Nc3 e6 6. a4 Bb4 7. Bd3 Ne4 8. 0-0 Nxc3 9. bxc3 Bxc3 10. Rb1 Bxd3 11. Qxd3 Ba5 12. cxd5 exd5 13. Ba3 Nd7 14. e4 c5 15. dxc5 0-0 16. c6 dxe4 17. Qxe4 Re8 18. Qd5 bxc6 19. Qxc6 Rc8 20. Qd6 Re6 21. Qd1 Nb6 22. Qxd8+ Rxd8 23. Bc5 f6 24. Rb5 Bc3 25. a5 Nc4 26. Bxa7 Bxa5 27. Nd4 Ra6 28. Nc6 Rxc6 29. Rc1 Na3 30. Rbc5 Rxc5 31. Bxc5 Nb5 32. Be3 Nd6 33. g4 g6 34. Kg2 Ne4 35. h3 Kf7 36. Ra1 Rd5 37. Rb1 Ke6 38. Rb8 Rd7 39. Re8+ Re7 40. Ra8 Bb4 41. Ra4 Rb7 42. h4 Nc3 43. Ra6+ Ke7 44. Bd4 Nd5 45. Kf3 Bc3 46. Bc5+ Kf7 47. Ra8 Rc7 48. Bd6 Rd7 49. Bc5 Bb4 50. Bd4 Nc7 51. Ra7 Rxd4 52. Rxc7+ Be7 53. Kg3 Ke6 54. Rc6+ Bd6+ 55. Kf3 Rf4+ 56. Kg3 Rc4+ 0-1

[Event "Barcelona Sant Marti op 10th"]
[Site "Barcelona"]
[Date "2023.02.02"]
[Round "4"]
[White "Clanchet Olle, Josep"]
[Black "Pons Hernando, Francesc Xavier"]
[Result "1-0"]
[WhiteElo "1690"]
[BlackElo "1420"]
[PlyCount "53"]
[EventDate "2023.01.12"]
[EventType "swiss"]
[EventRounds "9"]
[EventCountry "ESP"]
[SourceTitle "CBM 213 Extra"]
[Source "ChessBase"]
[SourceDate "2023.05.31"]
[SourceVersion "1"]
[SourceVersionDate "2023.05.31"]
[SourceQuality "1"]

1. d4 Nf6 2. Bf4 g6 3. e3 Bg7 4. Nf3 d6 5. c3 c6 6. Bd3 Nbd7 7. 0-0 0-0 8. Nbd2 Nh5 9. Bg3 Nxg3 10. hxg3 e5 11. Nc4 Qe7 12. dxe5 dxe5 13. e4 Rd8 14. Qc2 Nf8 15. Rfd1 Bd7 16. Ne3 Re8 17. Bc4 Be6 18. Qb3 Rad8 19. Rxd8 Rxd8 20. Rd1 Rxd1+ 21. Qxd1 Bxc4 22. Nxc4 Qc5 23. Nd6 b6 24. Ng5 Ne6 25. Ngxf7 Bf8 26. Qg4 Ng7 27. Nh6+ 1-0